| 000 | 00588nam a22002051i 4500 | ||
|---|---|---|---|
| 001 | 28438 | ||
| 005 | 20220405165310.0 | ||
| 090 | _a28438 | ||
| 100 | _a20071001d1969 c y0pory500305 ba | ||
| 101 | 0 | _apor | |
| 102 | _aPT | ||
| 930 | _lBECRE | ||
| 700 | 1 |
_aSoares, _bMaria Isabel de Mendonça, _f1922- |
|
| 702 | 1 |
_aMiller, _bJ. P. _4440 |
|
| 200 | 1 |
_aPrimeira aventura no mundo das palavras _fTexto de Maria Isabel de Mendonça Soares _gIlustrações de J. P. Miller |
|
| 210 |
_aLisboa _cVerbo _d[D.L. 1969] |
||
| 215 |
_a62 p. _cil. _d20 x 27 cm |
||
| 801 | 0 |
_aPT _bBN |
|
| 801 | 1 |
_aFR _bJOUVE |
|
| 990 | _cLIVROS | ||